Statistics for Benfica all-time top scorers

Click here to take the quiz!

General Stats

  • This quiz has been taken 27 times
  • The average score is 4 of 10

Answer Stats

GoalsNationalityPlayer% Correct
473PortugalEusebio
100%
172ParaguayÓscar Cardozo
77%
379PortugalJosé Águas
58%
166PortugalNuno Gomes
58%
359PortugalNené
35%
175PortugalJosé Augusto
15%
226PortugalJosé Torres
12%
220PortugalArsénio
8%
205PortugalRogério Pipi
4%
202PortugalJulinho
0%

Score Distribution

Percentile by Number Answered

Percent of People with Each Score

Your Score History

You have not taken this quiz